[Event "Angers op 5th"]
[Site "Angers"]
[Date "2010.04.25"]
[Round "6"]
[White "Fermen, Guy"]
[Black "Rahier, Thomas"]
[Result "1-0"]
[WhiteElo "1598"]
[BlackElo "1520"]
[PlyCount "132"]
[EventDate "2010.04.23"]
[EventType "swiss"]
[EventRounds "6"]
[EventCountry "FRA"]
[SourceTitle "EXT 2011"]
[Source "ChessBase"]
[SourceDate "2010.11.26"]
[SourceVersion "1"]
[SourceVersionDate "2010.11.26"]
[SourceQuality "1"]

1. e4 c5 2. Nc3 e6 3. g3 d5 4. Bg2 Nf6 5. d3 Be7 6. Nf3 0-0 7. 0-0 Nc6 8. e5 Nd7 9. Re1 f6 10. exf6 Nxf6 11. d4 cxd4 12. Nxd4 Nxd4 13. Qxd4 Qc7 14. Be3 e5 15. Bxd5+ Kh8 16. Qc4 Qxc4 17. Bxc4 Ng4 18. Rad1 Bb4 19. a3 Bxc3 20. bxc3 Bf5 21. Bd3 e4 22. Bc4 Rac8 23. Rd4 a6 24. h3 Nxe3 25. Rxe3 Bxh3 26. Bd5 Bf5 27. Bxb7 Rb8 28. Bxe4 Bh3 29. Kh2 Bf1 30. f4 Rf6 31. Re1 Rh6+ 32. Kg1 Bh3 33. Red1 Kg8 34. Rd8+ Rxd8 35. Rxd8+ Kf7 36. Ra8 Rd6 37. Bd3 Rc6 38. Bxh7 g6 39. Bg8+ Kf6 40. Bb3 Bf5 41. c4 Rd6 42. Kf2 Bxc2 43. Bxc2 Rd2+ 44. Ke3 Rxc2 45. Rxa6+ Kf5 46. g4+ Kxg4 47. Rxg6+ Kf5 48. Rg5+ Kf6 49. Kd4 Rf2 50. Ke3 Rc2 51. Kd4 Rf2 52. Kd5 Rxf4 53. Re5 Rf3 54. Re4 Rxa3 55. c5 Kf5 56. Rd4 Re3 57. c6 Re5+ 58. Kd6 Kf6 59. c7 Re6+ 60. Kd7 Re7+ 61. Kd8 Rxc7 62. Kxc7 Ke5 63. Rd1 Ke4 64. Kd6 Ke3 65. Ke5 Ke2 66. Rd4 Ke3 1-0

[Event "Angers op 5th"]
[Site "Angers"]
[Date "2010.04.25"]
[Round "5"]
[White "Meunier, Thomas"]
[Black "Rahier, Thomas"]
[Result "1-0"]
[WhiteElo "1699"]
[BlackElo "1520"]
[PlyCount "47"]
[EventDate "2010.04.23"]
[EventType "swiss"]
[EventRounds "6"]
[EventCountry "FRA"]
[SourceTitle "EXT 2011"]
[Source "ChessBase"]
[SourceDate "2010.11.26"]
[SourceVersion "1"]
[SourceVersionDate "2010.11.26"]
[SourceQuality "1"]

1. d4 d5 2. c4 dxc4 3. Nc3 e6 4. e3 Nf6 5. Nf3 b6 6. Bxc4 Bb7 7. 0-0 Be7 8. Qe2 0-0 9. Rd1 Bb4 10. Bd3 Qe7 11. e4 Rd8 12. Bg5 Qd7 13. e5 Nd5 14. Nxd5 Bxd5 15. Bxd8 Qxd8 16. Be4 c6 17. a3 Be7 18. Bxd5 cxd5 19. Rac1 Nd7 20. Rc3 h6 21. Rdc1 Bg5 22. R1c2 Nf8 23. Qa6 Kh7 24. Rc7 1-0

[Event "Angers op 2nd"]
[Site "Angers"]
[Date "2007.04.15"]
[Round "6.38"]
[White "Cheval, Thierry"]
[Black "Rahier, Thomas"]
[Result "1-0"]
[WhiteElo "1330"]
[BlackElo "1140"]
[PlyCount "53"]
[EventDate "2007.04.13"]
[EventType "swiss"]
[EventRounds "6"]
[EventCountry "FRA"]
[SourceTitle "CBM 117 Extra"]
[Source "ChessBase"]
[SourceDate "2007.05.09"]
[SourceVersion "1"]
[SourceVersionDate "2007.05.09"]
[SourceQuality "1"]

1. e4 e5 2. Nf3 g6 3. Nxe5 Bg7 4. Nxf7 Kxf7 5. Bc4+ Ke7 6. Qf3 Nf6 7. e5 d5 8. exf6+ Bxf6 9. Bxd5 c6 10. Bb3 Re8 11. 0-0 Kf8 12. d3 Bf5 13. Bh6+ Bg7 14. Bxg7+ Kxg7 15. Nc3 Qd7 16. h3 Na6 17. g4 Be6 18. Ne4 Rf8 19. Qg3 Rad8 20. Qe5+ Kh6 21. g5+ Kh5 22. Nf6+ Rxf6 23. gxf6+ Kh6 24. Bxe6 Qe8 25. h4 Rd5 26. Qe3+ g5 27. Bxd5 1-0

[Event "Angers op 2nd"]
[Site "Angers"]
[Date "2007.04.14"]
[Round "4.33"]
[White "Rahier, Thomas"]
[Black "Soufflet, Jacques"]
[Result "0-1"]
[WhiteElo "1140"]
[BlackElo "1750"]
[PlyCount "60"]
[EventDate "2007.04.13"]
[EventType "swiss"]
[EventRounds "6"]
[EventCountry "FRA"]
[SourceTitle "CBM 117 Extra"]
[Source "ChessBase"]
[SourceDate "2007.05.09"]
[SourceVersion "1"]
[SourceVersionDate "2007.05.09"]
[SourceQuality "1"]

1. d4 Nf6 2. e3 e6 3. c4 b6 4. Nc3 Bb7 5. a3 d5 6. g3 dxc4 7. Nf3 c5 8. Bxc4 cxd4 9. exd4 Be7 10. 0-0 0-0 11. Be3 Qc7 12. Qe2 Nbd7 13. Nb5 Qc6 14. Kg2 a6 15. Nc3 Rfd8 16. Rad1 Nf8 17. Bg5 b5 18. Ba2 h6 19. Bxf6 Bxf6 20. d5 Qc7 21. Ne4 Bxd5 22. Bxd5 Rxd5 23. Nxf6+ gxf6 24. Nh4 Rad8 25. Qe3 Rxd1 26. Rxd1 Rxd1 27. Qxh6 Qc6+ 28. Kh3 Nh7 29. Ng2 Ng5+ 30. Kg4 Qf3+ 0-1